The event of “giving” and “getting” in Siberian Uralic languages

Elmentve itt :
Bibliográfiai részletek
Szerző: Sipőcz Katalin
Dokumentumtípus: Könyv része
Megjelent: University of Szeged, Department of Altaic Studies; University of Szeged, Department of Finno-Ugrian Philology Szeged 2021
Sorozat:Uralic studies, languages, and researchers
Tárgyszavak:
doi:10.14232/sua.2021.54.99-118

mtmt:32122529
Online Access:http://publicatio.bibl.u-szeged.hu/23885
LEADER 00852naa a2200217 i 4500
001 publ23885
005 20220329140037.0
008 220329s2021 hu o 0|| Angol d
020 |a 9789633068038 
024 7 |a 10.14232/sua.2021.54.99-118  |2 doi 
024 7 |a 32122529  |2 mtmt 
040 |a SZTE Publicatio Repozitórium  |b hun 
041 |a Angol 
100 1 |a Sipőcz Katalin 
245 1 4 |a The event of “giving” and “getting” in Siberian Uralic languages  |h [elektronikus dokumentum] /  |c  Sipőcz Katalin 
260 |a University of Szeged, Department of Altaic Studies; University of Szeged, Department of Finno-Ugrian Philology  |b Szeged  |c 2021 
300 |a 20 
300 |a 99-118 
490 0 |a Uralic studies, languages, and researchers 
650 4 |a Nyelvek és irodalom 
856 4 0 |u http://publicatio.bibl.u-szeged.hu/23885/1/8_SK.pdf  |z Dokumentum-elérés